[Event "Moscow Aeroflot op-A"]
[Site "Moscow"]
[Date "2004.02.23"]
[Round "7"]
[White "Smirin, Ilia"]
[Black "Kulaots, Kaido"]
[Result "1-0"]
[WhiteElo "2670"]
[BlackElo "2530"]
[Annotator "Ftacnik,L"]
[PlyCount "85"]
[EventDate "2004.02.17"]
[EventType "swiss"]
[EventRounds "9"]
[EventCountry "RUS"]
[SourceTitle "CBM 100"]
[Source "ChessBase"]
[SourceDate "2004.06.01"]
[SourceVersion "1"]
[SourceVersionDate "2004.06.01"]
[SourceQuality "1"]

1. e4 c5 2. Nf3 d6 3. d4 cxd4 4. Nxd4 Nf6 5. Nc3 a6 6. g3 e5 7. Nb3 Nbd7 8. a4
b6 9. Bg2 Bb7 10. O-O Be7 11. Re1 O-O 12. Nd2 Rc8 13. Nf1 Rc5 $6 {This
artificial move loses time for black, white has pleasantly clear strategic
plan.} 14. Be3 Rc7 15. g4 Nc5 16. Ng3 g6 17. h3 (17. Qf3 Bc8 18. h3 Be6 19.
Red1 $14) 17... Nfd7 18. Qe2 (18. Nd5 Bxd5 19. Qxd5 Bg5 20. Qxd6 Bxe3 21. Rxe3
Qc8 $14) 18... Ne6 (18... Bg5 19. Red1 Bxe3 20. Qxe3 Nf6 21. b4 Ncd7 22. b5 Rc8
23. Rxd6 Qc7 24. Rd3 $16) 19. Nd5 Rc8 (19... Bxd5 20. exd5 Nf4 21. Bxf4 exf4
22. Qxe7 fxg3 23. c3 gxf2+ 24. Kxf2 Nc5 25. Qxd8 Rxd8 26. Re2 $14) 20. Nxe7+
Qxe7 21. Qd2 Nf4 $1 {Kulaots lashes out for complications since otherwise d6
pawn weakness would become intolerable.} (21... Rfd8 22. Red1 Ndc5 23. b4 $16)
22. Bxf4 exf4 23. Ne2 f3 $5 (23... g5 24. Nd4 Qe5 25. b4 $14) 24. Bxf3 Qf6 25.
Bg2 (25. Nd4 Rc4 26. c3 Rxd4 27. Qxd4 Qxf3 28. Qxd6 Bxe4 29. Rxe4 Qxe4 30. Qxd7
Qc2 $11) 25... Qxb2 26. Qxd6 Rfd8 27. a5 $1 b5 (27... Qxc2 28. Rac1 Qb2 29. Rc7
Nc5 30. Qe7 Rf8 31. Rxb7 Qd2 32. Kf1 Nxb7 33. Qxb7 Qxa5 34. e5 $14) 28. Rab1
Qe5 $1 {White queen had to be eliminated as a dangerous piece, all the other
black pieces are doing fine.} (28... Qxc2 29. Rbc1 Qa2 30. Rxc8 Bxc8 31. Qc7
Re8 32. Nc3 Qe6 33. Nd5 $16) 29. Rbd1 Qxd6 30. Rxd6 Ne5 (30... Rxc2 31. e5 Rc7
32. Red1 Bxg2 33. Kxg2 Ra7 34. Ng3 Kf8 35. Ne4 Ke7 36. Nc5 $16) 31. Red1 Rxd6
32. Rxd6 Rxc2 (32... Nc4 $1 33. Rd7 Nxa5 34. Nd4 Kf8 35. e5 Bxg2 36. Kxg2 Nc6
$11) 33. Nd4 Rc1+ (33... Rc8 34. f4 Nc4 35. Rd7 Nxa5 36. f5 $13) 34. Kh2 Rc8 (
34... g5 $2 35. Rd8+ Kg7 36. Nf5+ Kg6 37. f4 gxf4 38. Rg8+ Kf6 39. g5+ Ke6 40.
Re8+ Kd7 41. Rxe5 $18) 35. f4 {[%mdl 4096] Smirin choses a very risky strategy,
since under normal conditions black has better prospects.} (35. Rb6 Rc7 36. Bf1
Kf8 37. f4 Nc4 38. Bxc4 bxc4 $15) 35... Nc4 36. Rd7 Nxa5 37. f5 b4 (37... Re8
38. f6 Kf8 39. e5 Bxg2 40. Kxg2 Nc4 41. Ra7 b4 42. Rxa6 Nxe5 43. g5 $11) 38. f6
Bc6 (38... b3 39. Nxb3 Bc6 40. Rd3 Bb5 41. Rf3 Nc4 $11) 39. Ra7 Bb7 $2 {
Kulaots has got too ambitious, but this lost tempo will have dire consequences.
} (39... b3 $1 40. Rxa6 b2 41. Rb6 Nc4 42. Rb4 h6 $17) 40. e5 $1 Bxg2 41. Kxg2
b3 (41... Rb8 42. e6 fxe6 43. f7+ Kh8 44. Nxe6 Nc6 45. Rxa6 Ne5 46. Rb6 $18)
42. e6 fxe6 43. Nxe6 (43. Nxe6 b2 44. f7+ Kh8 45. Re7 $18) 1-0

[Event "Elgoibar 13th"]
[Site "Elgoibar"]
[Date "2003.12.10"]
[Round "8.3"]
[White "Saldano Dayer, Horacio"]
[Black "Gomez Esteban, Juan Mario"]
[Result "1-0"]
[WhiteElo "2424"]
[BlackElo "2465"]
[Annotator "Ftacnik,L"]
[PlyCount "65"]
[EventDate "2003.11.03"]
[EventType "tourn"]
[EventRounds "9"]
[EventCountry "ESP"]
[EventCategory "9"]
[SourceTitle "CBM 099"]
[Source "ChessBase"]
[SourceDate "2004.03.30"]
[SourceVersion "1"]
[SourceVersionDate "2004.03.30"]
[SourceQuality "1"]

1. e4 c5 2. Nf3 d6 3. d4 cxd4 4. Nxd4 Nf6 5. Nc3 a6 6. g3 e5 7. Nde2 b5 8. Bg2
Nbd7 9. h3 Be7 10. O-O O-O 11. g4 b4 12. Nd5 Nxd5 13. exd5 Bg5 {White is
strong on white squares so black reserves the right to dominate on dark ones.
The exchange of bishops will slow done Saldano's kingside initiative.} (13...
a5 14. Ng3 Bg5 15. Bxg5 Qxg5 16. a3 Ba6 17. Re1 Qd8 18. axb4 axb4 19. Qd2 Qb6
20. Nf5 (20. Re4 Rfb8 21. Ra4 b3 22. Reb4 Qc7 23. Rxb3 Rxb3 24. cxb3 {1-0
Grigorov,J-Szekely,P/Lvov 1986/ (62)}) 20... Nc5 21. Ne7+ Kh8 22. b3 Ra7 23.
Nc6 Rb7 24. Kh2 f5 25. g5 f4 {0-1 Kuzmin,G-Mokry,K/Polanica Zdroj 1984/ (41)})
14. Ng3 Bxc1 15. Qxc1 a5 16. a3 Rb8 (16... Ba6 17. Re1 Nb6 18. axb4 axb4 19.
Nf5 $13) 17. axb4 axb4 18. b3 Nc5 19. f4 Qb6 20. Kh2 (20. Qe3 Re8 21. Rfe1 $11)
20... exf4 21. Qxf4 Rb7 22. Rae1 f6 (22... Rc7 23. Rf2 f6 $11) 23. Ne4 Nxe4 (
23... Rd7 24. g5 Ba6 25. Rf3 f5 26. Ng3 Rdf7 27. Rfe3 Bb5 $11) 24. Rxe4 Bd7 25.
g5 (25. Re7 Qc5 26. Be4 Bc8 $11) 25... f5 (25... Rf7 $2 26. Re6 Qc7 27. Rxd6
Qxc2 28. gxf6 $16) 26. Rc4 (26. Re7 Qc5 27. Rfe1 Rf7 $11) 26... Re8 27. Rc6 $5
{[%mdl 128] Brave move trying to distance the game from it's balanced phase.} (
27. Qd2 Rc8 $11) 27... Bxc6 (27... Qa7 28. Rxd6 Re2 29. g6 $16) 28. dxc6 Rbe7 (
28... Rc7 29. Qxf5 Qb8 30. Be4 g6 31. Bd5+ Kh8 32. Qf6+ Rg7 33. Rf2 $14) 29.
Qxf5 Qd8 (29... g6 $4 30. Bd5+ Kh8 31. Qf8+ Rxf8 32. Rxf8+ Kg7 33. Rg8#) 30. g6
hxg6 (30... h6 31. Rf4 Kh8 32. Rxb4 d5 $13) 31. Qxg6 d5 32. Rf4 Re2 $2 {
Gomez Esteban lashes for counterplay, but he had forgotten the dangers for his
own king. Black could have hold with} (32... Rf8 $1 33. Rxf8+ Kxf8 34. Qf5+ Rf7
35. Qxd5 $11) 33. Rf7 1-0

[Event "Foros Aerosvit 3rd"]
[Site "Foros"]
[Date "2008.06.08"]
[Round "1"]
[White "Alekseev, Evgeny V"]
[Black "Karjakin, Sergey"]
[Result "1/2-1/2"]
[WhiteElo "2711"]
[BlackElo "2732"]
[Annotator "Ftacnik,L"]
[PlyCount "91"]
[EventDate "2008.06.08"]
[EventType "tourn"]
[EventRounds "11"]
[EventCountry "UKR"]
[EventCategory "19"]
[SourceTitle "CBM 125"]
[Source "ChessBase"]
[SourceDate "2008.07.30"]
[SourceVersion "1"]
[SourceVersionDate "2008.07.30"]
[SourceQuality "1"]

1. e4 c5 2. Nf3 d6 3. d4 cxd4 4. Nxd4 Nf6 5. Nc3 a6 6. g3 e5 7. Nde2 Nbd7 8.
Bg2 b5 {Black usually tries to initiate counterplay on the queenside and
prepare the restraining move a2-a4.} 9. h3 Bb7 10. g4 b4 11. Nd5 Nxd5 12. exd5
Be7 13. Ng3 O-O 14. O-O Bg5 {Karjakin underlines the fact, that White is not
especially strong on the dark squares. On the other hand it is not clear,
which of the candidate moves played in this position is the most promising for
Black.} (14... Re8 15. a3 a5 (15... bxa3 16. Rxa3 Nb6 17. Rb3 Bc8 18. f4 exf4
19. Bxf4 Bd7 20. Re1 Rc8 21. Nh5 Bf8 22. Rxe8 Bxe8 23. Qd4 $14 {0-1 Kindermann,
S (2570)-Lutz,C (2590)/Gladenbach 1997 (39)}) 16. Be3 Ba6 (16... Qc7 17. Qd2
Ba6 18. Rfc1 Reb8 19. b3 Nc5 20. axb4 Rxb4 21. Qe1 Rab8 22. Bd2 {1-0 Lima,D 
(2550)-Leitao,R (2587)/Sao Paulo 2001 (38)}) 17. Re1 Qb8 18. axb4 axb4 19. b3
Rc8 20. Qd2 Nc5 21. Ra2 Bb7 22. Rea1 $14 {1-0 Spangenberg,H (2565)-Kasparov,G 
(2820)/Buenos Aires 1997 (28)}) (14... Qb8 15. Nf5 (15. a3 a5 16. Kh2 Rc8 17.
f4 Qc7 18. Nf5 Bf8 19. Rf2 g6 20. Ng3 Nc5 21. Be3 exf4 22. Bxf4 Bg7 23. axb4
axb4 24. Rxa8 Rxa8 $17 {1-0 Movsesian,S (2666)-Svidler,P (2689)/Shenyang 2000 
(48)}) 15... Bd8 16. a3 a5 17. Kh2 Ba6 18. Re1 g6 19. Ng3 Be7 20. f4 Rc8 21.
fxe5 Nxe5 22. axb4 Qxb4 23. c3 Qb6 $15 {1-0 Movsesian,S (2666)-Svidler,P (2689)
/Shenyang 2000 (45)}) (14... g6 15. a3 a5 16. Bh6 Re8 17. f4 Ba6 18. Rf3 Bh4
19. Kh2 exf4 20. Rxf4 Bf6 21. axb4 Be5 22. Re4 Qh4 {0-1 Kudrin,S (2485)
-Ftacnik,L (2545)/Wijk aan Zee 1985 (38)}) 15. Bxg5 (15. a3 Bxc1 16. Qxc1 a5
17. Qd2 Qb6 18. Nf5 g6 19. Be4 f6 20. Ne7+ Kg7 21. axb4 axb4 22. Nc6 Nc5 23.
Qe3 b3 24. Rxa8 Rxa8 25. Rc1 Ra2 {0-1 Filipowicz,A (2385)-Malisauskas,V (2500)/
Bydgoszcz 1990 (57)}) 15... Qxg5 16. Nf5 (16. a3 bxa3 17. Rxa3 Rab8 18. Nf5 Qf6
19. c4 Bc8 20. Qd2 Nb6 21. Ne3 Qf4 22. Rc1 f5 23. gxf5 Bxf5 24. b4 Nc8 25. Rxa6
{1-0 Swathi,G (2316)-Karavade,E (2331)/Pune 2007 (39)}) 16... Qf6 17. f4 a5 18.
fxe5 Nxe5 19. b3 $5 {Alekseev uses radical meassures to prevent the move of
the black knight.} (19. Qd4 Bc8 $1 20. Qe3 Bxf5 21. Rxf5 Qh4 $11) 19... Qd8 20.
Qd4 Bc8 21. Ng3 Qc7 22. Rac1 Bd7 23. c3 bxc3 24. Rxc3 Qb8 $1 {The defender has
a rock solid structure in the centre. Despite active pieces it is proving very
difficult for White to create any problems.} (24... Qa7 25. Qxa7 Rxa7 26. Ne4
Ra6 27. Rc7 $14) 25. g5 Qb4 26. Qxb4 (26. Qd2 $6 Rac8 $15) 26... axb4 27. Rc2
Bb5 28. Rf4 Bd3 $1 29. Rd2 Rfb8 {The middlegame position without queens seems
dynamically equal. Both players have weak pawns and not enough power to
unbalance the situation.} 30. Be4 Bxe4 31. Nxe4 Rb6 32. Kf2 Kf8 33. Ke3 Ke7 34.
Ng3 (34. Rh4 Ra3 (34... Ng6 35. Rxh7 Kf8 36. Rh5 $14) 35. Ng3 g6 36. Ne2 Kf8
$11) 34... Rc8 35. Nf5+ Kd7 {[%mdl 4096] Karjakin decides to force the
simplifications and get real counterplay.} (35... Kf8 36. Ke4 Nd7 37. Kd4 Rc3
38. h4 $11) 36. Nxg7 Rc3+ 37. Ke4 Rxh3 38. Nf5 Rh1 39. Re2 Rb8 40. Nh6 Rd1 41.
Ng4 (41. Nxf7 $2 Nd3 42. Rf6 Re8+ $19) 41... Nxg4 42. Rxf7+ $1 {The last phase
of the game sees a fine piece sacrifice. Black will have to react precisely in
order to avoid problems.} (42. Rxg4 Re8+ 43. Kf3 Rxe2 44. Kxe2 Rxd5 45. Rxb4
Rxg5 $15) 42... Kd8 43. Rxh7 Rb5 $1 (43... Rc8 44. Kf5 Ne5 45. Ke6 Rc5 46. Rf2
Ng6 47. Rg7 Rdxd5 48. Rxg6 Rxg5 49. Rxg5 Rxg5 50. Kxd6 $16) 44. Kf5 Rdxd5+ (
44... Ne5 45. Rc2 $11) 45. Kxg4 Rxg5+ 46. Kf4 1/2-1/2

[Event "Poikovsky Karpov 08th"]
[Site "Poikovsky"]
[Date "2007.03.16"]
[Round "2"]
[White "Alekseev, Evgeny V"]
[Black "Istratescu, Andrei"]
[Result "0-1"]
[WhiteElo "2661"]
[BlackElo "2619"]
[Annotator "Ftacnik,L"]
[PlyCount "76"]
[EventDate "2007.03.15"]
[EventType "tourn"]
[EventRounds "9"]
[EventCountry "RUS"]
[EventCategory "17"]
[SourceTitle "CBM 117"]
[Source "ChessBase"]
[SourceDate "2007.03.30"]
[SourceVersion "1"]
[SourceVersionDate "2007.03.30"]
[SourceQuality "1"]

1. e4 c5 2. Nf3 d6 3. d4 cxd4 4. Nxd4 Nf6 5. Nc3 a6 6. g3 g6 7. Bg2 Bg7 8. h3
O-O 9. O-O Nc6 10. Be3 Bd7 11. g4 $6 {White can not really claim advantage in
this position, but the agression against fianchetto fortress seems a bit
misplaced.} (11. Qd2 Rc8 12. Rad1 Qc7 13. Nxc6 Bxc6 14. Bh6 Bxh6 15. Qxh6 b5
16. a3 a5 17. Rd2 b4 18. axb4 axb4 19. Nd5 Bxd5 20. exd5 Qb6 21. Re1 {1-0
Zhang Pengxiang (2638)-Jobava,B (2614)/Internet CC/2006/ (72)}) (11. a4 Rb8 12.
Nde2 b5 13. axb5 axb5 14. Nd5 Ne8 15. Nd4 Nc7 16. Re1 Ne6 17. Nxc6 Bxc6 18. Ra7
Re8 19. Nb4 Ba8 20. c3 {1/2 Renner,C (2414)-Gershon,A (2562)/Bad Wiessee 2002/
(48)}) 11... Rc8 (11... Ne8 12. Qd2 Nc7 13. Rad1 Nxd4 14. Bxd4 Bxd4 15. Qxd4
Ne6 16. Qe3 f6 17. f4 g5 18. fxg5 Nxg5 19. e5 dxe5 20. Bxb7 {1-0 Kubacsny,L 
(2325)-Papp,Z (2130)/Hungary 1994/ (39)}) 12. g5 Ne8 (12... Nh5 13. Nf5 Bxc3
14. bxc3 Qa5 15. Rb1 $13) 13. Nxc6 (13. Qd2 Nc7 14. Nxc6 Bxc6 15. a4 $13) 13...
Bxc6 14. Qd2 f5 $1 {The first sign of a problem for Alekseev. Who is better
prepard for the opening of the kingside?} 15. gxf6 (15. exf5 Rxf5 16. Bxc6 Rxc6
$15) 15... Nxf6 16. Bd4 $2 {A rare ocassion, when a very strong grandmaster
practically loses two tempoes. The critical square f4 has to be defended!} (16.
Qd3 Qa5 $15) 16... Nh5 17. Be3 (17. Bxg7 Kxg7 18. f4 Qb6+ 19. Kh2 Qxb2 20. Rab1
Qa3 $17) 17... Qa5 18. Rab1 (18. Rfd1 Rf7) 18... Rf7 19. Rfd1 Rcf8 20. Ne2 (20.
Nd5 Qxa2 21. b3 a5 $17) 20... Qe5 {Istratescu is consequent and refuses to
indulde in eating the pawn on a2.} (20... Qxa2 21. b3 Bd7 $17) 21. Qd3 (21. Qc3
$5 Qb5 22. Qd3 $15) 21... Qf6 22. Qb3 Kh8 23. Rd4 $1 {The centralizaction of
the rook at least prevents unpleasant Qh4, even though objectively 23.f3!?
might have been the stronger move.} (23. f3 $5 Qe5 (23... Qh4 24. Bf2 Qg5 25.
Be3 $13) 24. Qb6 Nf4 25. Nxf4 Rxf4 $15) 23... g5 (23... Qh4 24. e5 $1) 24. Rd2
(24. Rb4 Qg6 25. Nd4 a5 26. Rc4 Bxe4 $15) 24... Qg6 (24... Nf4 25. Bxf4 gxf4
26. f3 Qg5 $17) 25. Qd3 (25. Nd4 Nf4 (25... Bxe4 26. Bxe4 Qxe4 27. Ne6 Rg8 28.
Nd8 Rf5 29. Nf7+ Rxf7 30. Qxf7 Nf4 31. Bxf4 gxf4 $17) 26. Bxf4 Bxd4 27. Rxd4
gxf4 28. Qf3 Qf6 29. c3 Rg7 $17) 25... Be5 (25... Nf4 26. Bxf4 gxf4 27. f3 Bd7
28. Kh1 Be5 $17) 26. Bd4 {The bishop returns to the scene of crime, but in the
meantime black has made a huge progress in preparation for the kingside attack.
} (26. Nd4 Bd7 27. c3 Nf4 $17) 26... Bxd4 27. Qxd4+ (27. Nxd4 Bd7 28. Qc3 e5
29. Nf5 Bxf5 30. exf5 Qxf5 $17) 27... Kg8 28. f3 (28. Qc4 Bb5 29. Qb3 Bxe2 30.
Rxe2 Nf4 31. Re3 d5 32. Bf1 d4 33. Rg3 Qxe4 34. Rxg5+ Kh8 $17) 28... Rxf3 $1
29. Bxf3 Rxf3 30. Rf1 (30. Qc4+ Kh8 (30... Kg7 31. Nd4 Qxe4 32. Ne6+ Kf6 33.
Qxe4 Bxe4 34. Re1 Rg3+ 35. Kh2 Bf5 36. Rde2 Rxh3+ 37. Kg1 Ng3 $19) 31. Qd4+ (
31. Rf1 g4 $17) 31... Nf6 32. Nc3 (32. e5 Rxh3 33. exf6 e5 34. Qxd6 Rh1+ 35.
Kf2 Qf5+ $19) 32... Rxh3 33. Rf1 Qh6 34. Kf2 g4 $17) 30... g4 $1 {[%mdl 128]
White king is naked and Alekseev is still unable to get some counterplay.} 31.
h4 (31. Rxf3 gxf3+ 32. Kf2 fxe2 $19) 31... Bxe4 32. Nc3 Nf6 (32... Rg3+ 33. Kf2
Bxc2 (33... Qf7+ 34. Ke1 Bf3 35. Rdf2) 34. Nd5 Kf7 35. Ke1+ Rf3 $17) 33. Nxe4
Nxe4 34. Rd3 (34. Qc4+ $1 Kg7 35. Rg2 Rxf1+ 36. Qxf1 g3 $17) 34... e6 35. Re3
$2 {Defender's task was very difficult, but this impulsive move puts the rook
to the false square.} (35. Rb3 b5 36. Ra3 e5 37. Qd5+ Kg7 $19) 35... Ng3 $1 36.
Rfxf3 (36. Rfe1 Nf5 $19) (36. Rexf3 Ne2+ $19) 36... gxf3 37. Kf2 (37. Rxf3 Ne2+
38. Kh2 Nxd4 $19) 37... Nf5 38. Qc3 (38. Qf4 Qg2+ 39. Ke1 Nxe3 40. Qxe3 e5 $19)
38... Qg2+ 0-1

[Event "EU-chT (Men) 15th"]
[Site "Gothenburg"]
[Date "2005.08.07"]
[Round "9.1"]
[White "Dutreeuw, Marc"]
[Black "Nielsen, Peter Heine"]
[Result "0-1"]
[WhiteElo "2361"]
[BlackElo "2668"]
[Annotator "Ftacnik,L"]
[PlyCount "60"]
[EventDate "2005.07.30"]
[EventType "team-swiss"]
[EventRounds "9"]
[EventCountry "SWE"]
[SourceTitle "CBM 109"]
[Source "ChessBase"]
[SourceDate "2005.11.14"]
[SourceVersion "1"]
[SourceVersionDate "2005.11.14"]
[SourceQuality "1"]
[WhiteTeam "Belgium"]
[BlackTeam "Denmark"]
[WhiteTeamCountry "BEL"]
[BlackTeamCountry "DEN"]

1. e4 c5 2. Nf3 d6 3. d4 cxd4 4. Nxd4 Nf6 5. Nc3 a6 6. g3 e5 7. Nb3 Nbd7 8. Bg2
b5 9. O-O Be7 10. a4 b4 11. Na2 a5 12. c3 Ba6 {Black has surely exposed his
queenside pawns beyond limits, but at least white pieces had to retreat to
modest locations.} (12... bxc3 13. Nxc3 Nb6 (13... O-O 14. Re1 Bb7 15. Be3 h6
16. h3 Nb8 17. Qc2 Na6 18. Rad1 Nb4 19. Qb1 Bc6 {1/2-1/2 Takhirov,V (2176)
-Biriukov,O (2384)/St Petersburg 2000/ (43)}) 14. Nb5 O-O 15. Bd2 Nc4 16. Bc3
Be6 17. Re1 Qb8 18. Nd2 Rc8 19. b3 Nxd2 20. Qxd2 Nd7 21. Reb1 Nc5 22. Qd1 Ra6 {
0-1 Adams,M (2737)-Topalov,V (2778)/Sofia 2005/ (54)}) 13. Re1 bxc3 14. Nxc3
O-O 15. Bd2 (15. Be3 Bc4 16. Nd2 Be6 17. Nd5 $11) 15... Bc4 $1 16. Nb5 (16. Rc1
Qb8 17. Nd5 Bxb3 18. Nxe7+ Kh8 19. Qf3 Bxa4 20. Qa3 Bb5 21. Bg5 $44) 16... Qb6
17. Bf1 (17. Be3 Qb7 18. Bd2 Bxb5 19. axb5 a4 20. Na5 Qxb5 21. Qxa4 Qxb2 $15)
17... d5 $1 {Nielsen is not struggling with any problems as he gets in the
thematic pawn advance in the center.} 18. Be3 (18. exd5 Bxd5 19. Be3 Qb7 20.
Rc1 Rfc8 $15) 18... Bxb3 $5 (18... Qb7 19. exd5 Bxd5 $15) 19. Qxb3 (19. Bxb6 $4
Bxd1 $19) 19... Nc5 20. Qd1 (20. Bxc5 $2 Bxc5 21. Re2 Nxe4 22. Qxd5 Nxf2 $19)
20... Rad8 (20... d4 21. Bg5 h6 22. Bxf6 Bxf6 23. Qg4 $15) (20... dxe4 $5 21.
Bg2 Rac8 22. Qe2 Qe6 $17) 21. exd5 Nxd5 22. Qe2 f5 23. Qc4 $6 {Dutreew wanted
to get activity for counterplay, but in fact white queen will be missed for
the defense of the kingside.} (23. Nc3 $1 Nxe3 24. Qxe3 e4 25. Bc4+ Kh8 26. Nd5
Qb7 27. Nxe7 Qxe7 $15) 23... Kh8 24. Bxc5 (24. b4 Nxb4 25. Rac1 Rc8 $17) (24.
Nc3 Nxe3 25. Rxe3 f4 $1 26. Rxe5 fxg3 27. hxg3 (27. Rxe7 Nb3 $19) 27... Nb3 28.
Ne4 Nxa1 29. Rxe7 Qxb2 $17) 24... Bxc5 25. Rxe5 (25. Re2 f4 $1 26. g4 Nb4 27.
Rxe5 Bxf2+ 28. Kh1 Qb7+ 29. Qe4 Qxe4+ 30. Rxe4 f3 $17) 25... Bxf2+ 26. Kh1 Ne3
27. Qc7 (27. Rxe3 Qxe3 28. Bg2 f4 $19) 27... Qh6 $1 {[%mdl 128] The danish
grandmaster has an honest ambition to mate his happless opponent.} 28. Re7 (28.
Rxe3 Qxe3 $19) 28... Ng4 29. h3 (29. h4 f4 $19) 29... Bb6 30. Qc3 Rd2 (30...
Rd2 31. Bg2 Qxh3+ 32. Bxh3 Rh2#) 0-1